Estadísticas para Ciudades con Metro en España

Haz click aquí para intentar la prueba.

Estadísticas generales

  • Esta prueba ha sido intentada 685 veces
  • La puntuación promedio es 7 de 9

Estadísticas de respuestas

Año de inauguraciónCiudad% Correcto
1924Barcelona
100%
1919Madrid
100%
1988Valencia
98%
2009Sevilla
97%
1995Bilbo
93%
2014Málaga
83%
2017Granada
56%
2007Palma
48%
2012Donosti
41%

Distribución de puntuación

Porcentaje por número respondido

Porcentaje de gente con cada puntuación

Historial de tus puntuaciones

No has intentado esta prueba.